000 00801nam a2200229 a 4500
001 47797
003 BD-RjUL
005 20211209054409.0
008 160810s2001 bg ||||| |||| 00| 0 ben d
020 _a9840741357
_c: Tk. 120.00
035 _a(BD-RjUL)47916
040 _aBD-RjUL
_bben
_cBD-RjUL
041 _aben
082 _223
_a782.42162
_bCHB 2001
100 1 _aচৌধুরী, আবুল হাসান
_9145126
245 1 0 _aবাংলাদেশের লোকসঙ্গীতে প্রেমচেতনা /
260 _aঢাকা :
_bবাংলা একাডেমী,
_c২০০১
300 _a[১৪], ৩১৮ পৃ. ;
_c২১ সেমি.
650 _aলোক সঙ্গীত
_9145127
650 _aFolk songs
_9145128
942 _2ddc
_cBK
_02
999 _c47797
_d47797